Πολιτικοί προσανατολισμοί και κοινωνική αλλαγή : συγκριτική ψυχοκοινωνιολογία
Αποθηκεύτηκε σε:
| Κύριος συγγραφέας: | |
|---|---|
| Μορφή: | Βιβλίο |
| Γλώσσα: | Greek |
| Δημοσίευση: |
Αθήνα :
Εθνικό Κέντρο Κοινωνικών Ερευνών,
1975
|
| Θέματα: | |
| Ετικέτες: |
Προσθήκη ετικέτας
Δεν υπάρχουν, Καταχωρήστε ετικέτα πρώτοι!
|
MARC
| LEADER | 00000nam a2200000 i 4500 | ||
|---|---|---|---|
| 001 | 1/53806 | ||
| 008 | 950519s1975 gre d | ||
| 035 | |l 10027579 | ||
| 040 | |a GR-MY-UA |b gre |e aacr | ||
| 041 | 0 | |a gre | |
| 082 | 0 | |a 306.2 | |
| 100 | 1 | |a Τερλεξής, Πανταζής. | |
| 245 | 1 | 0 | |a Πολιτικοί προσανατολισμοί και κοινωνική αλλαγή : |b συγκριτική ψυχοκοινωνιολογία / |c Πανταζής Τερλεξής |
| 260 | |a Αθήνα : |b Εθνικό Κέντρο Κοινωνικών Ερευνών, |c 1975 | ||
| 300 | |a 389 σ. | ||
| 500 | |a Περιεχει ευρετήριο και βιβλιογραφία | ||
| 650 | 0 | 0 | |a Social change. |
| 650 | 0 | 0 | |a Political sociology. |
| 852 | |a INST |b CHIOS |e 19960222 |h 306.2 TEP |p 005200006250 |q 005200006250 |t BK |y 0 | ||
| 852 | |a INST |b CHIOS |e 19960618 |h 306.2 TEP |p 005200007746 |q 005200007746 |t BK |y 0 | ||
| 852 | |a INST |b LESVOS |e 19950519 |h 306.2 ΤΕΡ |p 005100000662 |q 005100000662 |t BK |y 0 | ||
| 852 | |a INST |b LESVOS |e 19950519 |h 306.2 ΤΕΡ |p 005100000663 |q 005100000663 |t BK |y 0 | ||
| 909 | |a Χ |b 003130 | ||
| 909 | |a Λ |b 003131 | ||
| 909 | |a Λ |b 003132 | ||
| 909 | |a Χ |b 000225 | ||